Wykonawcy muzyczni na literę N - Statystyki

Ogólne statystyki
  • Ten quiz został rozwiązany 23 razy
  • Średni wynik to 7 z 18
Statystyki odpowiedzi
Lata aktywności Państwo Piosenki Zespół lub artysta % Poprawnych
1989–1994 Smells Like Teen Spirit | Come as You Are Nirvana
85%
2000– Promiscuous | Maneater Nelly Furtado
75%
1996– How You Remind Me | Rockstar Nickelback
75%
1982– 99 Luftballons | Nur geträumt Nena
70%
2010– Super Bass | Anaconda Nicki Minaj
60%
1992– Don't Speak | Just a Girl No Doubt
60%
1961– These Boots are Made for Walkin' | Bang Bang (My Baby Shot Me Down) Nancy Sinatra
35%
1971– Love Hurts | Hair of the Dog Nazareth
30%
1980– Bizarre Love Triangle | Blue Monday New Order
30%
1997–2002 Bye Bye Bye | It's Gonna Be Me 'N Sync
25%
1969– Rockin' in the Free World | Heart of Gold Neil Young
20%
2002– Come Away with Me | Don't Know Why Norah Jones
20%
1987–1991 Straight Outta Compton | Express Yourself N.W.A.
20%
1942–1965 Unforgettable | L-O-V-E Nat King Cole
15%
1962– Sweet Caroline | You Don't Bring Me Flowers Neil Diamond
15%
1989– Hurt | Closer Nine Inch Nails
15%
1986– Hangin' Tough | You Got It (The Right Stuff) New Kids on the Block
10%
1994–1997 Mo Money Mo Problems | Hypnotize The Notorious B.I.G.
5%
Nie znaleziono quizów pasujących do podanych kryteriów
Rozkład punktacji
Procent ludzi z każdym wynikiem
Percentyl według liczby udzielonych odpowiedzi
Twoja historia wyników
Nie rozwiązałeś tego quizu